|
|
|
|
| LEADER |
00000nab a2200000 a 4500 |
| 001 |
vtls000849217 |
| 003 |
SK-MaSNL |
| 005 |
20260304105223.0 |
| 008 |
250429c2003 xo 0 slo |
| 015 |
|
|
|a SNBRB2003/10-29407
|
| 035 |
|
|
|a CLN000200872
|
| 035 |
|
|
|a urn:nbn:sk:snk-abbwsv
|
| 035 |
|
|
|a (urnnbn)urn:nbn:sk:snk:ar-000oln
|
| 035 |
|
|
|a (uuid)fed5a35d-5e32-4428-a051-0403ef7be4d5
|
| 040 |
|
|
|a SNKBUCL
|b slo
|c SNKBUCL
|e AACR2
|
| 041 |
0 |
|
|a slo
|
| 044 |
|
|
|a xo
|c SK
|
| 080 |
|
|
|a 02:347.78.001.5
|2 1997
|
| 080 |
|
|
|a 347.78.001.5
|2 1997
|
| 100 |
1 |
|
|a Šušol, Jaroslav,
|d 1963-
|4 aut
|9 210249
|
| 245 |
1 |
0 |
|a Postoje autorov k publikovaniu v elektronických zdrojoch
|c Jaroslav Šušol
|
| 300 |
|
|
|b Grafy, tab.
|
| 504 |
|
|
|a Bibliogr. odkazy
|
| 650 |
0 |
7 |
|a elektronické zdroje
|2 snkbucl
|9 68867
|
| 650 |
0 |
7 |
|a autorské právo
|2 snkbucl
|9 2215
|
| 650 |
0 |
7 |
|a elektronické publikovanie
|2 snkbucl
|9 51412
|
| 655 |
|
7 |
|a články z novín a časopisov
|2 snkbucl
|9 267496
|
| 773 |
0 |
|
|t Knižnica
|g Roč. 4, č. 9 (2003), s. 411-418
|x 1335-7026
|
| 850 |
|
|
|a Slovenská národná knižnica
|
| 852 |
|
|
|a Slovenská národná knižnica
|
| 856 |
4 |
1 |
|u http://www.snk.sk/images/snk/casopis_kniznica/2003/september/411.pdf
|
| 954 |
|
|
|a odborná, vedecká literatúra pôvodná (slovenská)
|2 lita
|
| 958 |
|
|
|a article15
|
| 958 |
|
|
|a NB
|
| 958 |
|
|
|a OND
|
| 958 |
|
|
|a EUIPO
|
| 992 |
|
|
|a RBX
|
| 999 |
|
|
|c 2854813
|d 2856743
|